Statistics for Largest lakes in Denmark

Click here to take the quiz!

General Stats

  • This quiz has been taken 16 times
  • The average score is 3 of 9

Answer Stats

Square kilometersAnswer% Correct
39,87Arresø
69%
9,41Furesø
62%
9,15Skanderborg Sø
46%
12,33Tissø
46%
17,29Esrum Sø
31%
16,90Mossø
15%
8,60Søndersø
15%
16,10Saltbæk Vig
0%
17,13Stadil Fjord
0%

Score Distribution

Percentile by Number Answered

Percent of People with Each Score

Your Score History

You have not taken this quiz